| 000 | 00677nam a2200253Ia 4500 | ||
|---|---|---|---|
| 008 | 180523s9999 xx 000 0 und d | ||
| 020 | _a0-07-123227-3 | ||
| 050 | _aMAIN HD 31 | ||
| 050 | _b.A58 2004 c.2 | ||
| 100 | _aAnthony, Robert N. | ||
| 245 | 0 | _aManagement control systems / | |
| 245 | 0 | _cRobert N. Anthony, Vijay Govindarajan | |
| 250 | _a11th Edition | ||
| 260 | _aNew York : | ||
| 260 | _bMcGraw-Hill, | ||
| 260 | _c2004 | ||
| 300 | _a851 pages: | ||
| 300 | _billustrations ; | ||
| 300 | _c26 cm. | ||
| 500 | _aIncludes index. | ||
| 650 | _aCost control. | ||
| 650 | _aIndustrial management. | ||
| 650 | _xInsdustrial management -- Case studies. | ||
| 999 |
_c356840 _d356840 |
||